[Event "AUTO-ADV-4665"]
[Site "http://www.queenalice.com/game.php?id=1802721"]
[Date "2022.12.28"]
[Round "1"]
[White "isaac2023"]
[Black "daddyrat"]
[Result "1-0"]
[WhiteElo "1679"]
[BlackElo "1871"]

1. e4 e5 2. d4 exd4 3. c3 Nc6 4. Bc4 dxc3 5. Nxc3 d6 6. a3 Be6 7. Nd5 h6 8. Ne2
Nf6 9. Nec3 Na5 10. Ba2 c6 11. Nf4 Qd7 12. O-O Be7 13. Re1 O-O 14. Qe2 d5 15.
exd5 cxd5 16. Rd1 Qc7 17. Re1 Bd6 18. Nb5 Qc5 19. b4 Qb6 20. Nxe6 fxe6 21. Bxh6
gxh6 22. Qxe6+ Kg7 23. Nxd6 Nc4 24. Nf5+ Kg6 25. Nh4+ Kg7 26. Qe7+ Kg8 27. Nf5
Nh5 28. Re6 Rae8 29. Nxh6+ Kh8 30. Nf7+ Kg8 31. Qg5+ Kh7 32. Bb1# 1-0

[Event "AUTO-ADV-4665"]
[Site "http://www.queenalice.com/game.php?id=1802722"]
[Date "2022.12.28"]
[Round "1"]
[White "daddyrat"]
[Black "isaac2023"]
[Result "1-0"]
[WhiteElo "1861"]
[BlackElo "1699"]

1. d4 e6 2. e4 d5 3. e5 c5 4. Nf3 cxd4 5. Nxd4 Bc5 6. Be3 Ne7 7. Nxe6 fxe6 8.
Bxc5 Nd7 9. Qh5+ Ng6 10. Bd4 O-O 11. Bd3 Qe8 12. Nd2 Rf7 13. Nf3 Rxf3 14. Qxf3
h6 15. Qg3 Ne7 16. Be3 Qh5 17. f3 Nxe5 18. Be2 N5g6 19. Qf2 Qe5 20. O-O-O Nf5
21. f4 Qd6 22. g4 Nfe7 23. h4 b6 24. h5 Nf8 25. g5 Nf5 26. gxh6 Nxh6 27. f5 exf5
28. Bf4 Qc6 29. Bf3 Ba6 30. Bxd5+ 1-0

[Event "AUTO-ADV-4665"]
[Site "http://www.queenalice.com/game.php?id=1802723"]
[Date "2022.12.28"]
[Round "1"]
[White "isaac2023"]
[Black "Numberzero"]
[Result "0-1"]
[WhiteElo "1729"]
[BlackElo "1732"]

1. e4 e5 2. d4 exd4 3. c3 d5 4. exd5 Qxd5 5. b3 Qe4+ 6. Qe2 Qxe2+ 7. Bxe2 dxc3
8. Nxc3 Bb4 9. Bb2 Nf6 10. Nf3 Nd5 11. Rc1 O-O 12. O-O Nxc3 13. Bxc3 Bxc3 14.
Rxc3 c6 15. Bd3 h6 16. Re1 Be6 17. h3 Nd7 18. Rd1 Rad8 19. Kh2 Nb6 20. Rd2 Nd5
21. Rc1 Nb4 22. Ne1 Nxd3 23. Rxd3 Rxd3 24. Nxd3 Rd8 25. Nc5 Bc8 26. Rc2 b6 27.
Na4 c5 28. Re2 Kf8 29. Nc3 Ba6 30. Re1 Rd2 31. Rd1 Rxf2 32. Kg1 Rc2 33. Ne4 Rxa2
34. Rf1 Bxf1 0-1

[Event "AUTO-ADV-4665"]
[Site "http://www.queenalice.com/game.php?id=1802724"]
[Date "2022.12.28"]
[Round "1"]
[White "Numberzero"]
[Black "isaac2023"]
[Result "1-0"]
[WhiteElo "1693"]
[BlackElo "1765"]

1. e4 c5 2. Nf3 e6 3. Nc3 d6 4. d4 cxd4 5. Nxd4 e5 6. Nf3 Nf6 7. Bg5 Be6 8. Be2
Be7 9. O-O Nbd7 10. Bb5 O-O 11. Re1 a6 12. Bxd7 Nxd7 13. Bxe7 Qxe7 14. Qd2 Nf6
15. Rad1 h6 16. Qxd6 Qxd6 17. Rxd6 Nd7 18. a3 Rad8 19. Red1 Bg4 20. R1d5 Be6 21.
Rd1 Bg4 22. R1d3 Bxf3 23. gxf3 f6 24. Rxd7 Rb8 25. Na4 Rfc8 26. c3 b5 27. Ra7
Rd8 28. Nc5 Rxd3 29. Nxd3 Rd8 30. Nb4 Rd2 31. Rxa6 Rxb2 32. Nd5 1-0

[Event "AUTO-OPEN-4412"]
[Site "http://www.queenalice.com/game.php?id=1802773"]
[Date "2022.12.28"]
[Round "1"]
[White "Akopian"]
[Black "isaac2023"]
[Result "0-1"]
[WhiteElo "1763"]
[BlackElo "1715"]

1. e4 c5 2. c3 Nc6 3. d4 cxd4 4. cxd4 e6 5. Nc3 Bb4 6. Nf3 Nf6 7. Bd3 O-O 8. O-O
b6 9. Bd2 Bb7 10. a3 Be7 11. Bc2 h6 12. e5 Nd5 13. Nxd5 exd5 14. Bb3 Nb8 15. Bb4
d6 16. Rc1 f6 17. exd6 Bxd6 18. Bxd6 Qxd6 19. Nh4 Nc6 20. Nf5 Qd7 21. Qf3 Na5
22. Ba2 Kh7 0-1

[Event "AUTO-OPEN-4412"]
[Site "http://www.queenalice.com/game.php?id=1802774"]
[Date "2022.12.28"]
[Round "1"]
[White "isaac2023"]
[Black "Akopian"]
[Result "1-0"]
[WhiteElo "1736"]
[BlackElo "1763"]

1. e4 e5 2. d4 d5 3. dxe5 dxe4 4. Qxd8+ Kxd8 5. Nf3 exf3 6. gxf3 Bf5 7. Bd3 Bxd3
8. cxd3 Nc6 9. Bg5+ f6 10. exf6 gxf6 11. Bh4 Bg7 12. Nc3 Nge7 13. Bg3 Re8 14.
O-O-O f5 15. Nb5 Nd5 16. h4 a6 17. Na3 f4 18. Bh2 Nd4 19. Nc2 Nxc2 20. Kxc2 Re2+
21. Rd2 Rxd2+ 22. Kxd2 1-0

[Event "AUTO-OPEN-4412"]
[Site "http://www.queenalice.com/game.php?id=1802795"]
[Date "2022.12.28"]
[Round "1"]
[White "mvson33"]
[Black "isaac2023"]
[Result "0-1"]
[WhiteElo "1848"]
[BlackElo "1729"]

1. e4 c5 2. Nf3 Nc6 3. Bc4 a6 4. O-O b5 5. Be2 Nf6 6. d3 e6 7. Bg5 h6 8. Bh4 Be7
9. Nbd2 O-O 10. c3 Bb7 11. d4 cxd4 12. cxd4 Rc8 13. Rc1 Re8 14. Nb3 Nxe4 0-1

[Event "AUTO-OPEN-4412"]
[Site "http://www.queenalice.com/game.php?id=1802796"]
[Date "2022.12.28"]
[Round "1"]
[White "isaac2023"]
[Black "mvson33"]
[Result "0-1"]
[WhiteElo "1725"]
[BlackElo "1800"]

1. e4 e5 2. d4 exd4 3. c3 dxc3 4. Nxc3 Nc6 5. a3 d6 6. b4 Nf6 7. Bc4 Be6 8. Bxe6
fxe6 9. Bg5 Be7 10. Nf3 O-O 11. O-O Qe8 12. Bh4 Rd8 13. Qb3 Kh8 14. Ng5 Rc8 15.
Nxe6 Rf7 16. f4 Nd8 17. Ng5 Rf8 18. Rae1 h6 19. Nf3 Nc6 20. Re2 Qf7 21. Qc2 a6
22. Rfe1 Ng4 23. Bxe7 Qxe7 24. Nd5 Qf7 25. h3 Nf6 26. Qd2 Nh5 27. Kh2 Nxf4 28.
Rf2 Nxd5 29. exd5 Ne7 30. Ref1 Qf4+ 31. Qxf4 Rxf4 32. Ne1 Rxf2 33. Rxf2 Nxd5 34.
Nc2 Kg8 35. Nd4 Rf8 36. Rd2 Rf6 37. Nf3 Nf4 38. Kg3 Rf7 39. Nh4 Kh7 40. Rf2 Nh5+
41. Kg4 Rxf2 42. b5 Nf6+ 43. Kg3 Ra2 0-1

[Event "AUTO-OPEN-4412"]
[Site "http://www.queenalice.com/game.php?id=1802807"]
[Date "2022.12.28"]
[Round "1"]
[White "mennecy91"]
[Black "isaac2023"]
[Result "1-0"]
[WhiteElo "2118"]
[BlackElo "1744"]

1. d4 d5 2. Nf3 Nc6 3. c3 Nf6 4. Bg5 e6 5. Nbd2 Be7 6. e3 O-O 7. Bd3 Re8 8. O-O
h6 9. Bh4 Nh7 10. Bxe7 Nxe7 11. Ne5 Rf8 12. f4 Nf5 13. Rf3 Nf6 14. Bxf5 exf5 15.
Rg3 Nh7 16. Qh5 Qf6 17. Ndf3 Be6 18. Nh4 Kh8 19. Rf1 Rae8 20. b3 Kg8 21. c4 Rd8
22. c5 c6 23. a4 Rc8 24. b4 b6 25. cxb6 axb6 26. Rc1 c5 27. bxc5 bxc5 28. dxc5
Rfd8 29. c6 1-0

[Event "AUTO-OPEN-4412"]
[Site "http://www.queenalice.com/game.php?id=1802808"]
[Date "2022.12.28"]
[Round "1"]
[White "isaac2023"]
[Black "mennecy91"]
[Result "0-1"]
[WhiteElo "1746"]
[BlackElo "2117"]

1. e4 c6 2. Nf3 d5 3. exd5 cxd5 4. d4 Nc6 5. Bb5 Bd7 6. Nc3 e6 7. O-O Bd6 8. Re1
Nf6 9. Bg5 O-O 10. Bxc6 bxc6 11. Ne5 Be7 12. Ne2 Rb8 13. Rc1 Rxb2 14. Nc3 h6 15.
Bh4 g5 16. Bg3 Bb4 17. Re3 Kg7 18. h4 Nh7 19. hxg5 Nxg5 20. Qg4 Kh7 21. Bh4 f6
22. Nxd7 Qxd7 23. Ne2 Bd2 24. Bxg5 Bxc1 25. Nxc1 fxg5 26. Nd3 Rb1+ 27. Kh2 Qd6+
28. g3 Rf5 29. Qh5 Rf1 30. Kg2 Ra1 0-1

[Event "AUTO-OPEN-4413"]
[Site "http://www.queenalice.com/game.php?id=1803029"]
[Date "2022.12.31"]
[Round "1"]
[White "FreitasPC"]
[Black "isaac2023"]
[Result "0-1"]
[WhiteElo "1469"]
[BlackElo "1760"]

1. d4 e6 2. c4 d5 3. Nf3 Be7 4. Nc3 dxc4 5. e4 Bb4 6. Bxc4 h6 7. O-O a6 8. d5
exd5 9. Nxd5 Bd6 10. a3 b5 11. Ba2 c6 0-1

[Event "AUTO-OPEN-4413"]
[Site "http://www.queenalice.com/game.php?id=1803030"]
[Date "2022.12.31"]
[Round "1"]
[White "isaac2023"]
[Black "FreitasPC"]
[Result "1-0"]
[WhiteElo "1755"]
[BlackElo "1469"]

1. e4 c5 2. Nf3 d6 3. d4 cxd4 4. Nxd4 e5 5. Nb3 Nf6 6. Nc3 Be7 7. Bg5 O-O 8. Qd2
Nc6 9. Bxf6 Bxf6 10. Nd5 Be6 11. c4 Bxd5 12. cxd5 1-0

[Event "AUTO-OPEN-4413"]
[Site "http://www.queenalice.com/game.php?id=1803055"]
[Date "2022.12.31"]
[Round "1"]
[White "isaac2023"]
[Black "MarcoCarvalho"]
[Result "0-1"]
[WhiteElo "1698"]
[BlackElo "2038"]

1. e4 d6 2. d4 Nf6 3. Nc3 g6 4. Bd3 Bg7 5. Nge2 O-O 6. O-O Nbd7 7. Bd2 e5 8. d5
Nc5 9. Bg5 h6 10. Bh4 g5 11. Bg3 h5 12. h3 h4 13. Bh2 Nh5 14. Kh1 g4 15. hxg4
Bxg4 16. f3 Bd7 17. f4 Bg4 18. Qd2 exf4 19. Bxf4 Bxe2 20. Bxe2 Ng3+ 0-1

[Event "AUTO-OPEN-4413"]
[Site "http://www.queenalice.com/game.php?id=1803056"]
[Date "2022.12.31"]
[Round "1"]
[White "MarcoCarvalho"]
[Black "isaac2023"]
[Result "1-0"]
[WhiteElo "2054"]
[BlackElo "1698"]

1. Nf3 d5 2. g3 Nc6 3. Bg2 e5 4. d3 Bd6 5. O-O h6 6. Nbd2 Nf6 7. e4 Ne7 8. exd5
Nfxd5 9. Nc4 Ng6 10. Re1 Bg4 11. h3 Be6 12. Ncxe5 Nxe5 13. Nxe5 O-O 14. Bd2 Nf6
15. Bc3 Bxe5 16. Rxe5 Nd7 17. Re3 c6 18. Qe2 Nf6 19. g4 Re8 20. Re1 1-0

[Event "AUTO-OPEN-4413"]
[Site "http://www.queenalice.com/game.php?id=1803057"]
[Date "2022.12.31"]
[Round "1"]
[White "isaac2023"]
[Black "Bordon"]
[Result "1/2-1/2"]
[WhiteElo "1738"]
[BlackElo "1736"]

1. e4 e5 2. d4 exd4 3. c3 dxc3 4. Nxc3 Nc6 5. Bc4 Nf6 6. a3 d6 7. b4 Be7 8. Nf3
Bg4 9. Be3 Ne5 10. Qa4+ Qd7 11. Qxd7+ Nfxd7 12. Be2 c6 13. Bf4 Bxf3 14. gxf3 Ng6
15. Bg3 Bh4 16. Rd1 Bxg3 17. fxg3 Ke7 18. O-O Nb6 19. Rd2 Rad8 20. Re1 Rhe8 21.
Red1 Nc8 22. Bc4 Ne5 23. Be2 b5 24. a4 a6 25. a5 Rd7 26. f4 Ng6 27. Bg4 Rc7 28.
Bxc8 Rcxc8 29. Rxd6 Red8 30. R6d2 Rxd2 31. Rxd2 Rd8 32. Rxd8 Kxd8 33. Kf2 Kd7
34. Ne2 Kd6 35. Nd4 Ne7 36. g4 c5 37. Nc2 c4 38. Ke3 Nc6 39. Kd2 f6 40. Kc3 g6
41. Nd4 Ne7 42. Nf3 h6 43. Kd4 Nc6+ 44. Kc3 Ne7 45. Nd4 Nc6 46. Nxc6 Kxc6 47.
Kd4 Kd6 48. h3 Ke6 49. Kc3 Kd6 50. Kd4 1/2-1/2

[Event "AUTO-OPEN-4413"]
[Site "http://www.queenalice.com/game.php?id=1803058"]
[Date "2022.12.31"]
[Round "1"]
[White "Bordon"]
[Black "isaac2023"]
[Result "1-0"]
[WhiteElo "1729"]
[BlackElo "1735"]

1. e4 c5 2. Nc3 Nc6 3. Bb5 a6 4. Bxc6 dxc6 5. d3 e5 6. Be3 Nf6 7. Nf3 h6 8. Nxe5
Bd6 9. Nc4 Bc7 10. Bxc5 b6 11. Be3 b5 12. Nd2 Ng4 13. Nf3 Bb6 14. Bxb6 Qxb6 15.
Qd2 O-O 16. h3 Nf6 17. O-O Be6 18. Rfe1 Qc7 19. e5 Nd7 20. d4 Rfe8 21. Ne2 Bd5
22. Qc3 Rac8 23. Nf4 Nb6 24. Nxd5 Nxd5 25. Qd2 Rcd8 26. c3 Re7 27. Re2 Rde8 28.
Rae1 c5 29. Kf1 cxd4 30. cxd4 Qd7 31. Nh4 Nb6 32. b3 Nd5 33. Nf3 Rc8 34. Nh4 Nc3
35. Re3 Nd5 36. R3e2 b4 37. f4 Qb5 38. Nf5 Rd7 39. Kg1 Rcd8 40. Nd6 Qc6 41. Rc1
Qb6 42. Kh1 Nc3 43. Re3 Nd5 44. Ree1 f6 45. Nc4 Qa7 46. Nd6 a5 47. Rc8 Rxc8 48.
Nxc8 Qb8 49. Nd6 fxe5 50. dxe5 Qf8 51. Qxd5+ 1-0

[Event "AUTO-ADV-4666"]
[Site "http://www.queenalice.com/game.php?id=1803080"]
[Date "2022.12.31"]
[Round "1"]
[White "matamuff"]
[Black "isaac2023"]
[Result "1-0"]
[WhiteElo "1822"]
[BlackElo "1742"]

1. Nf3 d6 2. d4 Bf5 3. Bg5 Nf6 4. Nc3 Nbd7 5. e3 h6 6. Bh4 e6 7. e4 Bg6 8. h3 c5
9. Bb5 a6 10. Bd3 Qc7 11. O-O Be7 12. d5 exd5 13. exd5 Nb6 14. Re1 O-O 15. Bxg6
fxg6 16. Re6 g5 17. Bg3 Rfe8 18. a4 Bf8 19. Rxe8 Rxe8 20. b3 Nbd7 21. Qd3 Nb6
22. Re1 Rxe1+ 23. Nxe1 Qf7 24. a5 Nbxd5 25. Nxd5 Nxd5 26. Nf3 Qe6 27. Kf1 Nb4
28. Qd2 Qg6 29. c3 Nc6 30. b4 cxb4 31. cxb4 Qb1+ 32. Qe1 Qxb4 33. Qxb4 Nxb4 34.
Nd4 Nc6 35. Nb3 Kf7 36. Ke2 Ke6 37. f3 d5 38. Bf2 Nxa5 39. Nxa5 b5 40. Kd3 Ke5
41. Nb3 Bb4 42. Bb6 1-0

[Event "AUTO-ADV-4666"]
[Site "http://www.queenalice.com/game.php?id=1803098"]
[Date "2022.12.31"]
[Round "1"]
[White "isaac2023"]
[Black "SGF"]
[Result "0-1"]
[WhiteElo "1744"]
[BlackElo "1652"]

1. e4 e5 2. d4 Qf6 3. dxe5 Qxe5 4. Nc3 Bb4 5. Qf3 f6 6. Ne2 d6 7. Bf4 Bxc3+ 8.
Nxc3 Qa5 9. Bd2 Qb6 10. b3 h5 11. Na4 Qc6 12. Nc3 Bg4 13. Qd3 a6 14. Nd5 Ne7 15.
Nf4 b5 16. h3 Bd7 17. Be2 g5 18. Nxh5 Ng6 19. Nxf6+ Kf7 20. Bc3 g4 21. Nxg4 Nf4
22. Qf3 Rf8 23. Qxf4+ Ke8 24. Nf6+ Kd8 25. Qg5 Qxc3+ 26. Kd1 Qxa1+ 27. Qc1 Qxf6
28. f3 Qd4+ 29. Bd3 c5 30. Rf1 c4 31. bxc4 bxc4 0-1

[Event "AUTO-ADV-4666"]
[Site "http://www.queenalice.com/game.php?id=1803099"]
[Date "2022.12.31"]
[Round "1"]
[White "SGF"]
[Black "isaac2023"]
[Result "0-1"]
[WhiteElo "1704"]
[BlackElo "1682"]

1. e4 c5 2. Qf3 Nc6 3. c3 Ne5 4. Qg3 d6 5. Be2 Nf6 6. d3 e6 7. Bg5 h6 8. Qh4 Be7
9. Bxf6 Bxf6 10. Qg3 Ng6 11. h4 Bxh4 12. Qf3 Qg5 13. Nd2 Ne5 14. Qh3 Bxf2+ 15.
Kxf2 Qxd2 16. Rb1 Qf4+ 17. Bf3 Nxd3+ 18. Ke2 c4 19. g3 Qg5 20. Qh4 Qc5 21. Rh2
b5 22. b4 Qb6 23. e5 Rb8 24. Be4 Nxe5 25. Nf3 Nd7 26. Ng5 Ne5 27. Qh5 Qc7 28.
Rf2 g6 29. Qh3 f5 30. Bc2 Ke7 31. Nf3 Ng4 32. Rg2 Bb7 33. Qh4+ Kd7 34. Rd1 Qc6
35. Rf1 Qa6 36. Ra1 Qc6 37. Rf1 Qb6 38. Nd4 Bxg2 39. Rf4 Rbe8 40. a4 e5 41. Rxg4
exd4+ 42. Kf2 d3+ 43. Kxg2 Re2+ 44. Kh3 Qg1 45. Bxd3 Qh1# 0-1

[Event "AUTO-ADV-4666"]
[Site "http://www.queenalice.com/game.php?id=1803100"]
[Date "2022.12.31"]
[Round "1"]
[White "isaac2023"]
[Black "MHRangel"]
[Result "0-1"]
[WhiteElo "1713"]
[BlackElo "1924"]

1. e4 c5 2. Nf3 Nc6 3. d4 cxd4 4. Nxd4 Qb6 5. Nb3 Nf6 6. Be3 Qb4+ 7. N1d2 Nxe4
8. c3 Nxc3 9. Qc2 Na4 10. Bc4 e6 11. a3 Qd6 12. Rd1 Qe5 13. Rb1 Be7 14. Nf3 Qc7
15. O-O Nb6 16. Rbc1 d5 17. Bb5 Bd7 18. Qc3 O-O 19. Bd3 Bf6 20. Qd2 a6 21. h4 h5
0-1

[Event "AUTO-ADV-4666"]
[Site "http://www.queenalice.com/game.php?id=1803101"]
[Date "2022.12.31"]
[Round "1"]
[White "MHRangel"]
[Black "isaac2023"]
[Result "1-0"]
[WhiteElo "1932"]
[BlackElo "1705"]

1. d4 c6 2. e4 d5 3. exd5 cxd5 4. Nf3 Nc6 5. Bb5 a6 6. Bxc6+ bxc6 7. Bf4 e6 8.
O-O Bd6 9. Qd2 Nf6 10. Bxd6 Qxd6 11. Qg5 O-O 12. a3 Ne4 13. Qe5 Qe7 14. Nfd2 Nd6
15. b3 f6 16. Qg3 Nf5 17. Qc3 Bd7 18. b4 Rfc8 19. Nf3 Kf7 20. Re1 h5 21. a4 1-0